History Quiz

Random History or Famous Quiz

Born on the 1st Day of Each Month Quiz Stats

 Plays Quiz not verified by Sporcle

Score 0/23 Timer 10:00
0 Plays Today
% Correct
Marilyn Monroe
91.7%
Dr Phil
81.3%
Woody Allen
76%
Ron Howard
74%
Julie Andrews
69.8%
Oscar the Grouch
67.7%
Harry Styles
65.6%
Dan Aykroyd
65.6%
Richard Pryor
64.6%
Dom DeLuise
56.3%
Tim McGraw
55.2%
Justin Bieber
52.1%
% Correct
Lyle Lovett
51%
Guy Smiley
38.5%
Peter Ostrum
30.2%
Marcia Wallace
27.1%
Don Novello
26.2%
Paul Revere
25%
Otton von Bismarck
22.9%
Peter Sallis
19.8%
Donovan Patton
16.7%
Edgar Rice Burroughs
10.4%
Matt Cartwright
9.4%

You're not logged in!

Compare scores with friends on all Sporcle quizzes.
OR
Log In

Sporcle TV

Today on Sporcle TV


Watch our educational content, quiz creation guides, and fun videos on Sporcle TV.

Show Comments

Extras

Created Jul 31, 2016ReportNominate
Tags:Famous Quiz, born, month

Top Quizzes Today


Score Distribution

Your Account Isn't Verified!

In order to create a playlist on Sporcle, you need to verify the email address you used during registration. Go to your Sporcle Settings to finish the process.

Report this User

Report this user for behavior that violates our Community Guidelines.

Details: